Cartas de un español residente en París á su hermano residente en Madrid sobre la Oracion apologética por la España y su mérito literario de Don Juan Pablo Forner... (Record no. 152990)

MARC details
000 -LEADER
campo de control de longitud fija 00791nam a2200205 i 4500
001 - NÚMERO DE CONTROL
campo de control 152990
003 - IDENTIFICADOR DE NÚMERO DE CONTROL
campo de control ES-MaACL
005 - FECHA Y HORA DE LA ÚLTIMA TRANSACCIÓN
campo de control 20251012173456.0
008 - DATOS DE LONGITUD FIJA--INFORMACIÓN GENERAL
campo de control de longitud fija 940301s1788 sp |||| | spa d
040 ## - FUENTE DE CATALOGACIÓN
Centro catalogador/agencia de origen AR
Lengua de catalogación spa
245 00 - MENCIÓN DEL TÍTULO
Título Cartas de un español residente en París á su hermano residente en Madrid sobre la Oracion apologética por la España y su mérito literario de Don Juan Pablo Forner...
260 ## - PUBLICACIÓN, DISTRIBUCIÓN, ETC.
Lugar de publicación, distribución, etc. Madrid :
Nombre del editor, distribuidor, etc. en la Imprenta Real,
Fecha de publicación, distribución, etc. 1788.
300 ## - DESCRIPCIÓN FÍSICA
Extensión 278, [2] p. ;
Dimensiones 16 cm.
500 ## - NOTA GENERAL
Nota general La última carta firmada en París, el 5 de septiembre de 1787.
597 ## - NOTA DE DESCRIPCIÓN FÍSICA
NOTA DE DESCRIPCIÓN FÍSICA Sign.: A-R8, S4.
597 ## - NOTA DE DESCRIPCIÓN FÍSICA
NOTA DE DESCRIPCIÓN FÍSICA Port. con esc. real xil.
600 14 - PUNTO DE ACCESO ADICIONAL DE MATERIA--NOMBRE DE PERSONA
Nombre de persona Forner, Juan Pablo,
Fechas asociadas al nombre 1756-1797
9 (RLIN) 51775
852 ## - LOCALIZACIÓN
Ubicación ES-MaACL
Número de control de estantería R-496
Nota libre -- Enc. perg
Encuadernación Olim: D-2743
Holdings
Estatus retirado Estado de pérdida Estado de daño No para préstamo Colección Biblioteca de origen Biblioteca actual Ubicación en estantería Fecha de adquisición Fuente de adquisición Total de préstamos Signatura topográfica completa Código de barras Visto por última vez Precio de reemplazo Tipo de ítem Koha
        Libros del s. XVIII Biblioteca del Ateneo de Madrid Biblioteca del Ateneo de Madrid Depósito 17/01/2008     R-496 1159825 23/02/2023 23/02/2023 Libro impreso antiguo